| 000 | 00553nam a22001817a 4500 | ||
|---|---|---|---|
| 005 | 20260420102349.0 | ||
| 008 | 260420b |||||||| |||| 00| 0 eng d | ||
| 020 | _a978-81-203-1628-7 | ||
| 050 | _aQA 184 .K86 2025 | ||
| 100 | _aKUMARESAN, S. | ||
| 245 | _aLINEAR ALGEBRA A GEOMETRIC APPROACH | ||
| 250 | _aEASTERN ECONOMY EDITION | ||
| 260 |
_aDELHI _bPHI LEARNING PRIVATE LIMITED _c2025 |
||
| 300 | _axii,218p. ILL | ||
| 500 | _aINCLUDES BIBLIOGRAPHICAL REFERENCES AND INDEX | ||
| 650 | _a1.LINEAR ALGEBRA 2.VECTOR SPACES | ||
| 942 |
_2lcc _cBK |
||
| 999 |
_c217002 _d217002 |
||